Animal by Picture - Statistics

General Stats
  • This quiz has been taken 10 times
  • The average score is 14 of 20
Answer Stats
Picture Answer % Correct
Axolotl
100%
Aye Aye
100%
Banana Slug
100%
Naked Mole Rat
100%
Sunfish
100%
Dugong
86%
Fossa
86%
Shoebill
86%
Thorny Devil
86%
Fennec Fox
71%
Barreleye
57%
Chinese Pangolin
57%
Japanese Spider Crab
57%
Mata Mata
57%
Proboscis Monkey
57%
Tokay Gecko
57%
California Condor
43%
Mandarin Dragonet
43%
Nudibranch
43%
Sea Pig
43%
No matching quizzes found
Score Distribution
Percent of People with Each Score
Percentile by Number Answered
Your Score History
You have not taken this quiz